Responses for Show #3704 - Thursday, October 12, 2000

Contestants

[<< previous game]

John Weiner, a systems analyst from New York City, New York

Ginger Greenstein, a computer consultant from Freehold, New Jersey

David Tepper, an attorney from Richmond, Virginia (whose 1-day cash winnings total $6,500)

[next game >>]

Jeopardy! Round responses

THE COMMUNIST MANIFESTO
(Alex: The work.)
MOVIE ROLES
INSECTS
PLACES TO LIVE
THE ADAMS FAMILY
-GRAMS
    $100 8
Karl Marx & Friedrich Engels

Ginger
    $100 1
Major Frank Burns

Ginger
    $100 6
Eyes

John
    $100 22
Barracks

David
    $100 17
John Adams

John
    $100 14
Hologram

John
    $200 9
Their chains

Ginger
    $200 2
(John: Who is Carmen Diaz?)

Cameron Diaz

DavidJohn
    $200 7
(J: What is a nest?)

Paper

DavidJohn
    $200 23
Bunkhouse

John
    $200 18
Don Adams

John
    $200 27
Candygram

David
    $300 10
London

David
    $300 3
Claire Danes

John
    $300 12
Pheromones

David
    $300 24
château

Ginger
    $300 19
Gerry Adams (of Sinn Fein)

Ginger
    $300 28
Epigram

John
    $400 11
Charles Darwin

John
    $400 4
Anne Heche

Ginger
    $400 15
Hemoglobin

Ginger
    $400 25
Detached

David
    $400 20
Grizzly Adams

David
    $400 29
(G: What is a gram?)

Kilogram

GingerJohn
    $500 13
bourgeoisie

David
    $500 5
(David: What is Class Act?)

House Party

DavidJohn
    $500 16
Swimming

Ginger
    $500 26
Project

Ginger
    $500 21
Ansel Adams

John
    $500 30
Angiogram

David

Scores at the first commercial break (after clue 14):

David Ginger John
$1,000 $800 $1,000

Scores at the end of the Jeopardy! Round:

David Ginger John
$2,600 $2,400 $2,700

Double Jeopardy! Round responses

NATIONAL NAMES
(Alex: I will try to give you the names in their national languages; you have to give the English for it.)
'70s SONGS
THEATRICAL QUOTES
FUR-BEARING CREATURES?
THE MAJORS
THE "MINOR"s
    $200 1
Slovak Republic (Slovakia)

Ginger
    $200 3
The Rolling Stones

John
    $200 4
Arthur Miller

Ginger
    $200 10
Tiger Woods

Ginger
    $200 9
(Alex: He said no!)

Fort Sumter

John
    $200 21
(J: What is the Aegean?)

Asia Minor

DavidJohn
    $400 2
Norway

John
    $400 15
Eddie Money

Triple Stumper
    $400 7
(J: What is....(time)?)

"Our Town"

DavidJohn
    $400 11
Jim Seals

John
    $400 19
Walter Reed

David
    $400 22
Minor Prophets

Ginger
    $600 5
Yemen

David
    $600 28
"Come And Get It"

Triple Stumper
    $600 12
(Jon Lovitz: [After reading the clue] I said that yesterday about myself!)

Oscar Wilde

Triple Stumper
    $600 16
Bobcat Goldthwait

David
    $3,000 20
Alfred Dreyfus

David
    $600 23
House Minority Leader

John
    $800 8
(Mainland) China

David
    $800 29
"Freddie's Dead"

Triple Stumper
    $1,500 13
(J: What is "My Fair Lady?")

"Camelot"

John
    $800 17
(G: What are bats?)

Bat Masterson

GingerJohn
    $800 26
(Alex: He shot down 40 Japanese planes.)

Shot down enemy planes

David
    $800 24
Ursa Minor

John
    $1000 6
Cyprus

John
    $1000 30
Mark Lindsay

Ginger
    $1000 14
Satire

Triple Stumper
    $1000 18
(D: Who is Gibbons?)

Edward Gibbon

DavidJohn
    $1000 27
Frederick Banting

Triple Stumper
    $1000 25
(J: What is A Minor?)
(G: What is E Minor?)

C Minor

GingerJohn
Triple Stumper

Scores at the end of the Double Jeopardy! Round:

David Ginger John
$8,400 $2,600 $5,000

[wagering suggestions for these scores]

Final Jeopardy! Round responses

BRITISH WORD ORIGINS
(Alex: I didn't know about the Meal-Tub Plot - all this over breakfast!)
GingerWhat are Whigs & Tories
$2,500
JohnWhat are Tories & Whigs?
$201
DavidWhat are Whig & Tory?
$1,601
Tories & Whigs

Final scores:

David Ginger John
$10,001 $5,100 $5,201
2-day champion: $16,501 3rd place: Samsung Cameras 2nd place: Trip to Tezcuco Plantation Home, Darrow, Louisiana

Game dynamics:

Coryat scores:

David Ginger John
$6,000 $2,600 $6,500
18 R
(including 2 DDs),
2 W
14 R,
3 W
20 R,
6 W
(including 1 DD)

Combined Coryat: $15,100

[game clues] [game scores] [suggest correction]

Game tape date: 2000-08-30
The J! Archive is created by fans, for fans. Scraping, republication, monetization, and malicious use prohibited; this site may use cookies and collect identifying information. See terms. The Jeopardy! game show and all elements thereof, including but not limited to copyright and trademark thereto, are the property of Jeopardy Productions, Inc. and are protected under law. This website is not affiliated with, sponsored by, or operated by Jeopardy Productions, Inc. Join the discussion at JBoard.tv.